|
|
|
|
| LEADER |
00000nam a2200000 a 4500 |
| 001 |
vtls001274975 |
| 003 |
SK-MaSNL |
| 005 |
20260331203833.0 |
| 008 |
180810s1879 xo 0 ger |
| 035 |
|
|
|a SNK000226168
|
| 040 |
|
|
|a SNK
|b slo
|c SNK
|e AACR2
|
| 041 |
0 |
|
|a ger
|
| 044 |
|
|
|a xo
|c SK
|
| 100 |
1 |
|
|a Bersezio, Vittorio
|4 prk
|9 518994
|
| 245 |
1 |
|
|a Corruption
|b Roman nach dem Italienischen
|c Vittorio Bersezio
|n Bd. 1
|
| 260 |
|
|
|a Preszburg
|b [s. n.]
|c 1879
|
| 300 |
|
|
|a 127 s.
|c 8°
|
| 958 |
|
|
|a ONDV
|
| 958 |
|
|
|a RK
|
| 999 |
|
|
|c 971413
|d 973343
|
| 952 |
|
|
|t P60, <03>, [BOOK], {603}
|a SNK
|b SNK
|y PREZ
|7 0
|o snkSD 33100/1
|i snkK 1944/68
|0 0
|1 0
|4 0
|d 1997-02-06
|l 0
|r 2005-01-02 00:00:00
|w 2026-02-24
|
| 952 |
|
|
|t P60, <04>, [BOOK], {604}
|a SNK
|b SNK
|y VYP
|7 0
|o snkSD 33100/1 D1
|i snkK 1050/78
|0 0
|1 0
|4 0
|d 1997-02-06
|l 0
|r 2005-01-02 00:00:00
|w 2026-02-24
|